000 00568nam a2200193Ia 4500
008 151121s9999||||xx |||||||||||||| ||und||
082 _a812/मतक
082 _bHNW-43192
100 _aमतकरी रत्नाकर
245 _aदुभंग
260 _b"मेहता पब्लि। हाऊस, पुणे।"
260 _c--
300 _a82
600 _aमतकरी रत्नाकर
630 _aदुभंग
700 _aमतकरी रत्नाकर
730 _aदुभंग
942 _cBOOK
999 _c1231423
_d1231420